000 00702nam a2200205 i 4500
001 42968
003 ES-MaACL
005 20230906160718.0
007 t|
008 030314s1961 sp ||||1| spa d
100 1 _aCastro, Guillén de.
_936858
245 1 0 _aComedias selectas
_b: . Las Mocedades del Cid ; El Conde Alarcos. Los mal Casados de Valencia /
_cGuillén de Castro ; prólogo y notas de Luis Guarner.
260 _aBarcelona :
_b[s.n.,
_c1961] (
_fGráf. Diamante)
300 _a233 p. ;
_c19 cm.
700 1 _aGuarner, Luis.
_960341
740 4 _aLas Mocedades del Cid.
740 3 _aEl Conde Alarcos.
740 4 _aLos mal casados de Valencia.
852 _aES-MaACL
_jE-2422
_bR.47836
999 _c42968
_d42968